[Event "Titled Tuesday intern op 05th Sep Late"]
[Site "Chess.com INT"]
[Date "2023.09.05"]
[Round "8"]
[White "Espinoza Palomino, Willyam"]
[Black "Wyss, Jonas"]
[Result "1-0"]
[WhiteElo "2400"]
[BlackElo "2265"]
[PlyCount "157"]
[EventDate "2023.09.05"]
[EventType "swiss (blitz)"]
[EventRounds "11"]
[EventCountry "USA"]
[SourceTitle "EXT 2024"]
[Source "ChessBase"]
[SourceDate "2023.10.10"]
[SourceVersion "1"]
[SourceVersionDate "2023.10.10"]
[SourceQuality "1"]

1. e4 c6 2. d4 d5 3. Nc3 dxe4 4. Nxe4 Nf6 5. Nxf6+ exf6 6. c3 Bd6 7. Bd3 0-0 8. Qc2 Re8+ 9. Ne2 h5 10. Be3 Nd7 11. 0-0-0 Nf8 12. Kb1 Be6 13. Nf4 Bxf4 14. Bxf4 b5 15. h3 Qd5 16. b3 a5 17. g4 h4 18. Be4 Qd7 19. Rhe1 b4 20. c4 a4 21. d5 axb3 22. Qxb3 cxd5 23. cxd5 Bxg4 24. hxg4 Qxg4 25. Qf3 Qd7 26. Bc2 b3 27. Bxb3 Qf5+ 28. Ka1 g5 29. Rxe8 Rxe8 30. d6 gxf4 31. Rg1+ Ng6 32. Qc6 Rc8 33. Qb7 Re8 34. Qxf7+ Kh8 35. Qxe8+ Kg7 36. Qf7+ Kh6 37. Qg8 Qe5+ 38. Kb1 Qe4+ 39. Kb2 Qd4+ 40. Ka3 Qc5+ 41. Ka4 Qa7+ 42. Kb5 Qb7+ 43. Kc5 Qa7+ 44. Kc6 Qa6+ 45. Kc7 Qa7+ 46. Kc6 Qa6+ 47. Kd5 Qd3+ 48. Ke6 Qe4+ 49. Kd7 Qb7+ 50. Ke8 Qc8+ 51. Kf7 Qd7+ 52. Kxf6 Qxd6+ 53. Kf5 Qe5+ 54. Kg4 Qh5+ 55. Kh3 Qf5+ 56. Kh2 f3 57. Qxg6+ Qxg6 58. Rxg6+ Kxg6 59. a4 Kf5 60. a5 Ke5 61. a6 Kd4 62. a7 Kc3 63. a8Q h3 64. Qxf3+ Kd2 65. Qxh3 Ke1 66. Qg3 Ke2 67. f4 Kf1 68. f5 Ke2 69. f6 Kf1 70. Qg2+ Ke1 71. Qf3 Kd2 72. Qe4 Kc1 73. Bc4 Kb2 74. f7 Ka1 75. f8Q Kb2 76. Qf2+ Kc3 77. Qff3+ Kd2 78. Qee2+ Kc1 79. Qff1# 1-0

[Event "Titled Tuesday intern op 05th Sep Late"]
[Site "Chess.com INT"]
[Date "2023.09.05"]
[Round "2"]
[White "Nasuta, Grzegorz"]
[Black "Wyss, Jonas"]
[Result "1-0"]
[WhiteElo "2579"]
[BlackElo "2265"]
[PlyCount "109"]
[EventDate "2023.09.05"]
[EventType "swiss (blitz)"]
[EventRounds "11"]
[EventCountry "USA"]
[SourceTitle "EXT 2024"]
[Source "ChessBase"]
[SourceDate "2023.10.10"]
[SourceVersion "1"]
[SourceVersionDate "2023.10.10"]
[SourceQuality "1"]

1. e4 c6 2. d4 d5 3. Nc3 dxe4 4. Nxe4 Nf6 5. Nxf6+ exf6 6. c3 Bd6 7. Bd3 0-0 8. Ne2 Re8 9. 0-0 Nd7 10. Ng3 g6 11. Bd2 f5 12. Qf3 Nf6 13. Bg5 Bf8 14. Rfe1 Rxe1+ 15. Rxe1 Bg7 16. Bc4 Qd6 17. Bf4 Qf8 18. a4 Bd7 19. a5 a6 20. Qd1 Re8 21. Be5 Ng4 22. Bxg7 Kxg7 23. h3 Nf6 24. Nf1 Rxe1 25. Qxe1 Qd6 26. Nd2 Be6 27. Bxe6 fxe6 28. Nb3 Nd7 29. Qe2 Qd5 30. c4 Qd6 31. Qe1 Kf7 32. Qc3 Nf6 33. Nc5 Qc7 34. Qe3 Ne4 35. Nxe4 fxe4 36. Qxe4 Qxa5 37. Qf4+ Ke7 38. c5 Kd7 39. Qd6+ Kc8 40. Qxe6+ Kc7 41. Qe5+ Kc8 42. Kh2 Qd2 43. Qh8+ Kd7 44. Qxh7+ Ke6 45. Qxg6+ Kd5 46. Qf7+ Ke4 47. Qe6+ Kd3 48. Qe5 Qxb2 49. Qf5+ Kc4 50. Qe6+ Kb5 51. d5 cxd5 52. Qxd5 a5 53. Qxb7+ Kxc5 54. Qxb2 a4 55. Qa1 1-0

[Event "Titled Tuesday intern op 05th Sep Late"]
[Site "Chess.com INT"]
[Date "2023.09.05"]
[Round "5"]
[White "Rubio Tent, Francisco"]
[Black "Wyss, Jonas"]
[Result "1-0"]
[WhiteElo "2282"]
[BlackElo "2265"]
[PlyCount "43"]
[EventDate "2023.09.05"]
[EventType "swiss (blitz)"]
[EventRounds "11"]
[EventCountry "USA"]
[SourceTitle "EXT 2024"]
[Source "ChessBase"]
[SourceDate "2023.10.10"]
[SourceVersion "1"]
[SourceVersionDate "2023.10.10"]
[SourceQuality "1"]

1. d4 d5 2. Nf3 Nf6 3. Bg5 Ne4 4. Bf4 c5 5. e3 Qb6 6. Nc3 Qa5 7. Bxb8 Rxb8 8. Bb5+ Bd7 9. Bxd7+ Kxd7 10. Ne5+ Ke8 11. 0-0 Nxc3 12. bxc3 Qxc3 13. Qf3 f6 14. Qh5+ g6 15. Nxg6 hxg6 16. Qxh8 cxd4 17. exd4 Qxd4 18. Qg8 Qe4 19. Rfe1 Qf5 20. Rad1 e6 21. Rxe6+ Kd7 22. Qf7+ 1-0

[Event "Titled Tuesday intern op 01st Aug Early"]
[Site "Chess.com INT"]
[Date "2023.08.01"]
[Round "10"]
[White "Wyss, Jonas"]
[Black "Barwinska, Ewa"]
[Result "0-1"]
[WhiteElo "2272"]
[BlackElo "1996"]
[PlyCount "152"]
[EventDate "2023.08.01"]
[EventType "swiss (blitz)"]
[EventRounds "11"]
[EventCountry "USA"]
[SourceTitle "EXT 2024"]
[Source "ChessBase"]
[SourceDate "2023.10.10"]
[SourceVersion "1"]
[SourceVersionDate "2023.10.10"]
[SourceQuality "1"]

1. e4 c5 2. Nf3 d6 3. Bb5+ Bd7 4. Bxd7+ Qxd7 5. c4 Nc6 6. Nc3 Nd4 7. Nxd4 cxd4 8. Ne2 e5 9. d3 Be7 10. 0-0 Nf6 11. f4 0-0 12. Ng3 Rfe8 13. fxe5 dxe5 14. Nf5 Bf8 15. Bg5 Re6 16. Bxf6 Rxf6 17. Qg4 Kh8 18. Nh6 Qxg4 19. Nxg4 Rxf1+ 20. Rxf1 f6 21. Kf2 Kg8 22. Ke2 Bd6 23. Nf2 Kf7 24. a3 a5 25. Rb1 Ke6 26. Nd1 g6 27. b3 f5 28. b4 axb4 29. axb4 Ra2+ 30. Kf3 Rd2 31. Nf2 b6 32. b5 fxe4+ 33. dxe4 Rc2 34. Ra1 Rxc4 35. Ra8 Rc3+ 36. Ke2 Rc2+ 37. Kf3 Rb2 38. Re8+ Kd7 39. Rh8 Rxb5 40. Rxh7+ Ke6 41. Rg7 Kf6 42. Rd7 Ke6 43. Rg7 Rb3+ 44. Kg4 d3 45. Rxg6+ Kd7 46. Kf3 Bc5 47. Rg7+ Kc6 48. Rg6+ Kb5 49. Ng4 d2+ 50. Ke2 Bb4 51. Re6 Rb1 52. Rxe5+ Ka4 53. Rd5 Re1+ 54. Kf2 d1Q 55. Rxd1 Rxd1 56. Ne3 Rd2+ 57. Kf3 Bc5 58. Nd5 Rd3+ 59. Kf4 Rd2 60. g4 Rxh2 61. g5 Rg2 62. Kf5 b5 63. g6 b4 64. Nxb4 Kxb4 65. e5 Bf8 66. Kf6 Kc5 67. Kf7 Rf2+ 68. Kg8 Kd5 69. g7 Bxg7 70. Kxg7 Kxe5 71. Kg6 Rf5 72. Kh6 Kf6 73. Kh7 Rg5 74. Kh8 Rg6 75. Kh7 Kf7 76. Kh8 Rh6# 0-1

[Event "SUI-ch op 122nd"]
[Site "Leukerbad"]
[Date "2023.07.22"]
[Round "8"]
[White "Stojanovic, Mihajlo"]
[Black "Wyss, Jonas"]
[Result "1-0"]
[WhiteElo "2485"]
[BlackElo "2220"]
[PlyCount "63"]
[EventDate "2023.07.07"]
[EventType "swiss"]
[EventRounds "9"]
[EventCountry "SUI"]
[SourceTitle "EXT 2024"]
[Source "ChessBase"]
[SourceDate "2023.10.10"]
[SourceVersion "1"]
[SourceVersionDate "2023.10.10"]
[SourceQuality "1"]

1. Nf3 Nf6 2. c4 g6 3. Nc3 d5 4. cxd5 Nxd5 5. Qb3 Nb6 6. d4 Bg7 7. Bf4 Be6 8. Qa3 c5 9. Qxc5 Nc6 10. e3 Rc8 11. Qa3 0-0 12. Rd1 a5 13. Ne5 Nb4 14. Qxa5 Nc2+ 15. Kd2 Nxd4 16. Kc1 Ra8 17. Qb4 Bxa2 18. Qxd4 Bd5 19. Nxd5 Ra1+ 20. Kc2 Rxd1 21. Qxd1 Nxd5 22. Bc4 Nb4+ 23. Kb3 Qa5 24. Qa1 Qc5 25. Nd7 Qf5 26. Nxf8 Qc2+ 27. Kxb4 Bxb2 28. Qd1 Qc3+ 29. Kb5 Qf6 30. Ne6 fxe6 31. Qd7 Qf5+ 32. Kb6 1-0

[Event "SUI-ch op 122nd"]
[Site "Leukerbad"]
[Date "2023.07.19"]
[Round "5"]
[White "Wyss, Jonas"]
[Black "Peng, Li Min"]
[Result "1/2-1/2"]
[WhiteElo "2220"]
[BlackElo "2535"]
[PlyCount "40"]
[EventDate "2023.07.07"]
[EventType "swiss"]
[EventRounds "9"]
[EventCountry "SUI"]
[SourceTitle "EXT 2024"]
[Source "ChessBase"]
[SourceDate "2023.10.10"]
[SourceVersion "1"]
[SourceVersionDate "2023.10.10"]
[SourceQuality "1"]

1. e4 e5 2. Nf3 Nc6 3. Nc3 Nf6 4. d4 Bb4 5. Nxe5 Nxe4 6. Qg4 Nxc3 7. Qxg7 Rf8 8. a3 Nxd4 9. axb4 Nxc2+ 10. Kd2 Nxa1 11. Kxc3 Qe7 12. Bc4 d5 13. Bb5+ c6 14. Be3 a5 15. Nxc6 axb4+ 16. Nxb4+ Bd7 17. Bxd7+ Kxd7 18. Nxd5 Rac8+ 19. Kd3 Qd6 20. Rd1 Rc2 1/2-1/2

[Event "EU-ch Rapid"]
[Site "Katowice"]
[Date "2022.12.18"]
[Round "9"]
[White "Jarocka, Liwia"]
[Black "Wyss, Jonas"]
[Result "0-1"]
[WhiteElo "2143"]
[BlackElo "2222"]
[PlyCount "120"]
[EventDate "2022.12.17"]
[EventType "swiss (rapid)"]
[EventRounds "11"]
[EventCountry "POL"]
[SourceTitle "CBM 211 Extra"]
[Source "ChessBase"]
[SourceDate "2023.01.31"]
[SourceVersion "1"]
[SourceVersionDate "2023.01.31"]
[SourceQuality "1"]

1. e4 e6 2. d4 d5 3. Nd2 Nf6 4. e5 Nfd7 5. Bd3 c5 6. c3 Nc6 7. Ne2 cxd4 8. cxd4 f6 9. exf6 Nxf6 10. 0-0 Bd6 11. Nf3 Qc7 12. Bg5 0-0 13. Bh4 Nh5 14. Qc2 h6 15. Bh7+ Kh8 16. Bg6 Rxf3 17. Bxh5 Rf8 18. Bg3 Bd7 19. Rac1 Be8 20. Bxe8 Raxe8 21. Rfd1 Rf7 22. b4 a6 23. a4 Qd7 24. b5 axb5 25. axb5 Na5 26. Rd3 Ref8 27. Bxd6 Qxd6 28. f4 Nc4 29. Rf3 Qb6 30. Kh1 Qxb5 31. Rcf1 Qb2 32. Qxb2 Nxb2 33. Rb3 Nc4 34. Re1 Ra8 35. g3 Nd2 36. Rb2 Ne4 37. Nc1 Ra4 38. Rd1 Rc7 39. Nb3 Rb4 40. Rd3 Rc3 41. Rxc3 Nxc3 42. Kg2 Nb5 43. Rb1 Nxd4 44. Nd2 Rxb1 45. Nxb1 Kg8 46. Kf2 Kf7 47. Ke3 Nb5 48. Nd2 Ke7 49. Kd3 Kd6 50. Nf3 Na7 51. g4 Nc6 52. g5 e5 53. Nh4 hxg5 54. fxg5 e4+ 55. Ke2 Ke5 56. Ng2 d4 57. h4 Kf5 58. Kd2 Kg4 59. Ke2 Ne5 60. Kf2 Nf3 0-1

[Event "EU-ch Rapid"]
[Site "Katowice"]
[Date "2022.12.18"]
[Round "7"]
[White "Zamekhovskiy, Yevgen"]
[Black "Wyss, Jonas"]
[Result "1-0"]
[WhiteElo "2095"]
[BlackElo "2222"]
[PlyCount "89"]
[EventDate "2022.12.17"]
[EventType "swiss (rapid)"]
[EventRounds "11"]
[EventCountry "POL"]
[SourceTitle "CBM 211 Extra"]
[Source "ChessBase"]
[SourceDate "2023.01.31"]
[SourceVersion "1"]
[SourceVersionDate "2023.01.31"]
[SourceQuality "1"]

1. d4 Nf6 2. Nf3 g6 3. g3 Bg7 4. Bg2 d5 5. 0-0 0-0 6. c4 c6 7. cxd5 cxd5 8. Nc3 Ne4 9. Qb3 Nxc3 10. bxc3 Nc6 11. Bf4 e6 12. Rfe1 b6 13. e4 dxe4 14. Ng5 Na5 15. Qb4 f5 16. f3 h6 17. Nh3 Bb7 18. fxe4 Bxe4 19. Bxe4 fxe4 20. Rxe4 Qd5 21. Rae1 Rae8 22. Qd6 Qxa2 23. Rxe6 Rxe6 24. Rxe6 g5 25. Re7 gxf4 26. Nxf4 Rxf4 27. Qxf4 Qa1+ 28. Kg2 Qa2+ 29. Kh3 Qd5 30. Qg4 Qg5 31. Qxg5 hxg5 32. Rxa7 Nc4 33. Kg4 Ne3+ 34. Kxg5 Nd5 35. Kg6 Bf8 36. c4 Ne3 37. Rc7 Nc2 38. d5 Ne3 39. Rc8 Ng4 40. d6 Ne5+ 41. Kf5 Nd7 42. Rc7 Nc5 43. d7 Be7 44. Rc8+ Kf7 45. d8Q 1-0

[Event "EU-ch Rapid"]
[Site "Katowice"]
[Date "2022.12.17"]
[Round "4"]
[White "Wyss, Jonas"]
[Black "Vidruska, Renate"]
[Result "1/2-1/2"]
[WhiteElo "2222"]
[BlackElo "1991"]
[PlyCount "135"]
[EventDate "2022.12.17"]
[EventType "swiss (rapid)"]
[EventRounds "11"]
[EventCountry "POL"]
[SourceTitle "CBM 211 Extra"]
[Source "ChessBase"]
[SourceDate "2023.01.31"]
[SourceVersion "1"]
[SourceVersionDate "2023.01.31"]
[SourceQuality "1"]

1. e4 e5 2. Nf3 Nc6 3. Nc3 Nf6 4. d4 exd4 5. Nxd4 Bb4 6. Nxc6 bxc6 7. Bd3 0-0 8. 0-0 d5 9. exd5 cxd5 10. h3 c6 11. Qf3 Bd6 12. Bf4 Rb8 13. b3 Rb4 14. Bxd6 Qxd6 15. Qg3 Qxg3 16. fxg3 Re8 17. a3 Rb7 18. b4 a5 19. bxa5 Ra7 20. Ne2 Rxa5 21. Nd4 Bd7 22. Nb3 Ra7 23. Nc5 Rea8 24. a4 Ra5 25. Rxf6 Rxc5 26. Rf4 Rca5 27. Rb1 g6 28. Rbb4 Kg7 29. c3 R8a7 30. Bc2 c5 31. Rb6 Bxa4 32. Bxa4 Rxa4 33. Rd6 Ra1+ 34. Rf1 Rxf1+ 35. Kxf1 Ra3 36. Rxd5 Rxc3 37. Kf2 h5 38. Rd6 Kf8 39. Rd7 Kg7 40. Rd6 g5 41. h4 Rc2+ 42. Kf3 g4+ 43. Kf4 f6 44. Rd5 Rf2+ 45. Ke3 Rxg2 46. Rxh5 Kg6 47. Rxc5 Rxg3+ 48. Kf4 Rg1 49. h5+ Kh6 50. Rf5 Kg7 51. h6+ Kg6 52. h7 Kxh7 53. Ra5 Kg6 54. Rb5 g3 55. Kf3 f5 56. Rb6+ Kg5 57. Rb4 Kf6 58. Rb5 Kg5 59. Rb8 f4 60. Rg8+ Kf5 61. Rf8+ Ke5 62. Re8+ Kd4 63. Kxf4 g2 64. Rd8+ Kc3 65. Kg3 Kc2 66. Kf2 Rd1 67. Rxd1 Kxd1 68. Kxg2 1/2-1/2

[Event "SUI-ch 121st"]
[Site "Samnaun"]
[Date "2022.07.08"]
[Round "6"]
[White "Wyss, Jonas"]
[Black "Manko, Mariya"]
[Result "1/2-1/2"]
[WhiteElo "2223"]
[BlackElo "2014"]
[PlyCount "67"]
[EventDate "2022.07.04"]
[EventType "swiss"]
[EventRounds "9"]
[EventCountry "SUI"]
[SourceTitle "CBM 209 Extra"]
[Source "ChessBase"]
[SourceDate "2022.09.30"]
[SourceVersion "1"]
[SourceVersionDate "2022.09.30"]
[SourceQuality "1"]

1. e4 c5 2. Nf3 d6 3. Bb5+ Nd7 4. c3 Ngf6 5. Qe2 a6 6. Ba4 g6 7. d4 Qa5 8. Bb3 cxd4 9. Nxd4 Bg7 10. 0-0 0-0 11. Nd2 e5 12. Nc2 d5 13. exd5 Nxd5 14. Nc4 Qc5 15. Rd1 b5 16. Nd6 N7b6 17. Nxc8 Raxc8 18. Nb4 Nxb4 19. Be3 Qc7 20. cxb4 Qb7 21. Bc5 Rfd8 22. h4 Rd7 23. Bxb6 Rxd1+ 24. Qxd1 Qxb6 25. Bxf7+ Kh8 26. h5 gxh5 27. Bxh5 Qd4 28. Qxd4 exd4 29. a4 d3 30. axb5 axb5 31. Rd1 Rd8 32. Be2 Bxb2 33. Rxd3 Rxd3 34. Bxd3 1/2-1/2

[Event "SUI-chT"]
[Site "Switzerland"]
[Date "2021.11.06"]
[Round "6.4"]
[White "Wyss, Jonas"]
[Black "Mutschnik, Illya"]
[Result "1/2-1/2"]
[WhiteElo "2286"]
[BlackElo "2385"]
[PlyCount "117"]
[EventDate "2021.08.29"]
[EventType "team-tourn"]
[EventRounds "9"]
[EventCountry "SUI"]
[SourceTitle "EXT 2023"]
[Source "ChessBase"]
[SourceDate "2022.10.05"]
[SourceVersion "1"]
[SourceVersionDate "2022.10.05"]
[SourceQuality "1"]
[WhiteTeam "Reti"]
[BlackTeam "Zuerich"]
[WhiteTeamCountry "SUI"]
[BlackTeamCountry "SUI"]

1. e4 c5 2. Nf3 e6 3. d4 cxd4 4. Nxd4 Nc6 5. Nc3 Qc7 6. Be3 a6 7. Qd2 Nf6 8. 0-0-0 Bb4 9. f3 b5 10. Kb1 Bb7 11. Nxc6 Qxc6 12. Bd4 Be7 13. g4 h6 14. h4 0-0-0 15. Bg2 d6 16. g5 hxg5 17. hxg5 Rxh1 18. Rxh1 Ne8 19. f4 Kb8 20. Rh3 f6 21. a4 b4 22. Na2 a5 23. c3 e5 24. Bg1 b3 25. Nc1 Qc4 26. Qd3 Qxd3+ 27. Rxd3 f5 28. fxe5 fxe4 29. Rd1 dxe5 30. Rxd8+ Bxd8 31. Nxb3 e3 32. Bxb7 e2 33. Bf2 Kxb7 34. Nc1 Kc6 35. Kc2 Kd5 36. Kd3 e4+ 37. Kxe2 Bxg5 38. Nb3 Bd8 39. Nd2 Nd6 40. b3 Nf5 41. Nc4 g5 42. Bb6 Bxb6 43. Nxb6+ Ke5 44. b4 axb4 45. cxb4 Nd4+ 46. Kf2 Nc2 47. a5 Nxb4 48. Nc4+ Kd4 49. Ne3 Kc5 50. Nf5 Nd5 51. a6 Kb6 52. Ng3 e3+ 53. Ke2 Kxa6 54. Nf5 Kb5 55. Nxe3 Nf6 56. Kf3 Kc5 57. Ng4 Nxg4 58. Kxg4 Kd4 59. Kxg5 1/2-1/2